header

American Indian English (Record no. 91902)

MARC details
000 -LEADER
fixed length control field 01630nam a2200385 a 4500
082 04 - DEWEY DECIMAL CLASSIFICATION NUMBER
Classification number 427/.9/08997
100 1# - MAIN ENTRY--AUTHOR NAME
Personal name Leap, William.
245 10 - TITLE STATEMENT
Title American Indian English
260 ## - PUBLICATION, DISTRIBUTION, ETC. (IMPRINT)
Place of publication Salt Lake City :
Name of publisher University of Utah Press,
Year of publication c1993.
300 ## - PHYSICAL DESCRIPTION
Number of Pages vii, 312 p.
505 0# - FORMATTED CONTENTS NOTE
Formatted contents note pt. 1. Speakers and structures -- pt. 2. Indian English and ancestral language tradition -- pt. 3. History and functions -- pt. 4. Indian English in the classroom.
650 #0 - SUBJECT ADDED ENTRY--TOPICAL TERM
Topical Term Indians of North America
Topical Term English language
Topical Term Indians of North America
Topical Term Languages in contact
Topical Term Americanisms.
856 40 - ELECTRONIC LOCATION AND ACCESS
Uniform Resource Identifier http://site.ebrary.com/lib/rucke/Doc?id=10555086

No items available.

© 2026 Rongo University
Contact us: librarian | system librarian | Rongo university